Piratas de la libertad : Grupos y ejércitos de adolescentes que combatieron al nazismo 1933-1955 /
Saved in:
| Format: | Book |
|---|---|
| Published: |
Buenos Aires :
Marea,
2011.
|
| Edition: | 1a ed. |
| LEADER | 00419nam a22001217a 4500 | ||
|---|---|---|---|
| 003 | AR-BeUNQ | ||
| 005 | 20190614151923.0 | ||
| 999 | |c 31115 |d 114915 | ||
| 245 | |a Piratas de la libertad : |c Roger Faligot. |b Grupos y ejércitos de adolescentes que combatieron al nazismo 1933-1955 / | ||
| 250 | |a 1a ed. | ||
| 260 | |a Buenos Aires : |b Marea, |c 2011. | ||
| 929 | |a DONACION |b Carolina De Simone |d 390,00 |e 20190320 |f PAT0072750 |g 3460 |h 1 |o PR | ||
| 942 | |c LIB |n 1 | ||